| 000 | 01843nam0a2200373 4500 | ||
|---|---|---|---|
| 001 | RU\NLR\bibl\166325 | ||
| 005 | 20260405160913.0 | ||
| 010 |
_a5-7442-1018-0 _9150 |
||
| 035 | _a(NLR Aleph) 000163142 | ||
| 090 |
_a938708 _c938708 |
||
| 100 | _a20010628d1997 |||y0rusy50 ca | ||
| 101 | 0 |
_arus _deng |
|
| 102 | _aRU | ||
| 105 | _aa ||||||||| | ||
| 200 | 1 |
_aГидроклиматология и гидрохимия Зейского водохранилища _dHydroclimatology and hydrochemistry of zeya reservoir _fА.М. Мордовин, Е.С. Петров, В.П. Шестеркин _gРед. К.П. Караванов _gРос. акад. наук. Дальневосточ. отд-ние, Ин-т вод. и экол. пробл. |
|
| 210 |
_aВладивосток _aХабаровск _cДальнаука _d1997 |
||
| 215 |
_a137 с. _cил. _d20 |
||
| 300 | _aАвт. также на англ. яз.: A.M. Mordovin, E.S. Petrov, V.P. Shesterkin | ||
| 300 | _aРез. на англ. яз. | ||
| 320 | _aБиблиогр.: с. 129-135 (117 назв.) | ||
| 510 | 0 |
_aHydroclimatology and hydrochemistry of zeya reservoir _zeng |
|
| 607 |
_aЗейское водохранилище _xГидрология _92215556 _3RU\NLR\auth\661330686 |
||
| 686 | _aД226.9(2)Зейское | ||
| 700 | 1 |
_aМордовин _bА. М. _gАлексей Михайлович _4070 |
|
| 701 | 1 |
_4070 _8rus _7ca _aПетров _bЕ. С. _cканд. геогр. наук _gЕвгений Сергеевич _3RU\NLR\auth\7767465 _950393 |
|
| 701 | 1 |
_aШестеркин _bВ. П. _gВладимир Павлович _4070 |
|
| 801 | 0 |
_aRU _bNLR _c20010628 _gPSBO |
|
| 801 | 1 |
_aRU _bNLR _c20010628 |
|
| 830 | _aАвторы по кн. | ||
| 852 |
_aNLR _j2000-3/13542 |
||
| 942 | _cBOOK | ||
| 980 | _aNB | ||